|
|
|
|
| LEADER |
01387nam a22003734a 4500 |
| 001 |
EBC333015 |
| 003 |
MiAaPQ |
| 005 |
20200520144314.0 |
| 006 |
m o d | |
| 007 |
cr cn||||||||| |
| 008 |
040603s2004 xx s 000 0 eng |
| 010 |
|
|
|z 2003096081
|
| 020 |
|
|
|z 1413428029
|
| 020 |
|
|
|z 1413428010 (pbk.)
|
| 035 |
|
|
|a (MiAaPQ)EBC333015
|
| 035 |
|
|
|a (Au-PeEL)EBL333015
|
| 035 |
|
|
|a (CaPaEBR)ebr10215640
|
| 035 |
|
|
|a (CaONFJC)MIL122492
|
| 035 |
|
|
|a (OCoLC)815554875
|
| 040 |
|
|
|a MiAaPQ
|c MiAaPQ
|d MiAaPQ
|
| 050 |
|
4 |
|a HD30.4
|b .P733 2004
|
| 100 |
1 |
|
|a Price, Jason A.
|
| 245 |
1 |
0 |
|a EMBA
|h [electronic resource] :
|b an insider's guide for working professionals in pursuit of graduate business education /
|c Jason A. Price.
|
| 246 |
3 |
|
|a Executive masters of business administration
|
| 246 |
3 |
|
|a Executive MBA
|
| 260 |
|
|
|a [S.l.] :
|b Xlibris Corp.,
|c c2004.
|
| 300 |
|
|
|a 249 p.
|
| 533 |
|
|
|a Electronic reproduction. Ann Arbor, MI : ProQuest, 2015. Available via World Wide Web. Access may be limited to ProQuest affiliated libraries.
|
| 650 |
|
0 |
|a Industrial management
|x Study and teaching (Graduate)
|
| 650 |
|
0 |
|a Business education.
|
| 650 |
|
0 |
|a Master of business administration degree.
|
| 655 |
|
4 |
|a Electronic books.
|
| 710 |
2 |
|
|a ProQuest (Firm)
|
| 856 |
4 |
0 |
|u https://ebookcentral.proquest.com/lib/matrademy/detail.action?docID=333015
|z Click to View
|